000 00316 a2200145 4500
001 155696
040 _cEscola São Tomás de Aquino
100 _aALENCAR, José de
240 1 0 _aJosé de Alencar
_lpor
245 1 0 _aJosé de Alencar
300 _a107
362 0 _a1980
697 _aGENERALIDADES
942 _cBK
999 _c155696
_d155696